Lifelong learning for members (Record no. 107331)
[ view plain ]
| 000 -LEADER | |
|---|---|
| fixed length control field | 01012cad a22002175a 4500 |
| 001 - CONTROL NUMBER | |
| control field | L139695 |
| 008 - FIXED-LENGTH DATA ELEMENTS--GENERAL INFORMATION | |
| fixed length control field | 070804s2007 xxk f 000 0 eng d |
| 035 ## - SYSTEM CONTROL NUMBER | |
| System control number | (Sirsi) u139695 |
| 041 0# - LANGUAGE CODE | |
| Language code of text/sound track or separate title | eng |
| 050 04 - LIBRARY OF CONGRESS CALL NUMBER | |
| Classification number | 333.0062 $2 18 |
| 110 2# - MAIN ENTRY--CORPORATE NAME | |
| Corporate name or jurisdiction name as entry element | Royal Institution of Chartered Surveyors |
| Subordinate unit | Professional Regulation and Consumer Protection |
| 9 (RLIN) | 4348 |
| 245 00 - TITLE STATEMENT | |
| Title | Lifelong learning for members |
| Remainder of title | help sheet |
| Medium | [electronic resource] |
| 260 ## - PUBLICATION, DISTRIBUTION, ETC. | |
| Place of publication, distribution, etc. | London |
| Name of publisher, distributor, etc. | RICS |
| Date of publication, distribution, etc. | 2007 |
| 490 #0 - SERIES STATEMENT | |
| Series statement | RICS Help Sheet |
| 520 ## - SUMMARY, ETC. | |
| Summary, etc. | Explains how members can meet their lifelong learning obligations as specified in rule 6 of the RICS rules of conduct. RICS help sheets aim to provide guidance on ways of meeting the requirements of the RICS rules of conduct. |
| 590 ## - LOCAL NOTE (RLIN) | |
| Local note | KA |
| 650 24 - SUBJECT ADDED ENTRY--TOPICAL TERM | |
| Topical term or geographic name entry element | RICS RULES OF CONDUCT |
| 690 ## - LOCAL SUBJECT ADDED ENTRY--TOPICAL TERM (OCLC, RLIN) | |
| Topical term or geographic name as entry element | ABOUT RICS-RICS PROFESSIONAL REGULATION AND CONSUMER PROTECTION-RICS RULES OF CONDUCT |
| 856 40 - ELECTRONIC LOCATION AND ACCESS | |
| Uniform Resource Identifier | <a href="https://www.rics.org/newregulation/memhelp.html">https://www.rics.org/newregulation/memhelp.html</a> |
| Public note | View the help sheet free of charge at www.rics.org... |
| 942 ## - ADDED ENTRY ELEMENTS (KOHA) | |
| Suppress in OPAC | 0 |
| Withdrawn status | Lost status | Source of classification or shelving scheme | Damaged status | Not for loan | Home library | Current library | Shelving location | Date acquired | Total Checkouts | Full call number | Barcode | Date last seen | Copy number | Price effective from | Koha item type |
|---|---|---|---|---|---|---|---|---|---|---|---|---|---|---|---|
| Dewey Decimal Classification | Virtual | Virtual | Online | 04/08/2007 | ONLINE PUBLICATION | 139695-2001 | 06/08/2019 | 1 | 06/08/2019 | Book |